000 00654nam a22001937a 4500
999 _c165999
_d165999
005 20190709164512.0
010 _aENG-125871
020 _a9789386761750
_c1995.00
035 _aEN-109403
037 _bDBAD/PUB
082 _a382
100 _aAgarwal, Shobha
245 _aInternational trade, growth and public finance /
_cby Shobha Agarwal [and] H.S. Agarwal
260 _aNew Delhi
_bAne Books
_c2018
270 _a4821, Parwana Bhawan, 1st Floor, 24 Ansari Road, Daryaganj
_bNew Delhi
_e110002
_k011-23276843-44
_mkapoor@anebooks.com
300 _avi,383p.
_c24cm(Hb)
700 _aAgarwal, H.S.
942 _2ddc
_cEN
_h382
_mAGA